000 00769nam a2200181 4500
008 041202s2000 enkab b 001 0 eng
020 _a0826448712 :USD29.95
090 _aBR794
_bOl7
100 1 _aO'Loughlin, Thomas.
245 1 0 _aCeltic theology :
_bhumanity, world, and God in early Irish writings /
_cThomas O'Loughlin.
260 _aLondon ;
_aNew York :
_bContinuum,
_c2000.
300 _axv, 235 p. :
_bill., maps ;
_c24 cm.
504 _aIncludes bibliographical references (p. [207]-219) and indexes.
650 4 _aCeltic Church
_xDoctrines.
650 4 _aChristian literature, Latin (Medieval and modern)
_zIreland
_xHistory and criticism.
651 4 _aIreland
_xChurch history
_y600-1500.
951 _p28039
_x00029008
_oBR794/Ol7
_j070613111430375
_d2000-12-21
_cGC
999 _c22006
_d22006